000 03060cam a22003258i 4500
001 21273279
005 20250331151525.0
008 191024t20202020mau 001 0 eng
010 _a 2019043387
020 _a9781633699168
_q(paperback)
040 _aMH/DLC
_beng
_erda
_cDLC
042 _apcc
050 0 0 _aHD30.28
_b.H3953 2020
245 0 0 _aHBR's 10 must reads.
_nVol. 2
_b: on strategy.
246 3 0 _aOn strategy.
_nVol. 2.
246 3 _aHBR's ten must reads on strategy.
_nVol. 2.
246 3 _aHarvard business review's 10 must reads on strategy.
_nVol. 2.
246 3 _aHarvard business review's ten must reads on strategy.
_nVol. 2.
264 1 _aBoston, Massachusetts :
_bHarvard Business Review Press,
_c[2020]
264 4 _c©2020
300 _a199 pages
490 1 _aHBR's 10 must reads
500 _aIncludes index.
505 0 _aYour Strategy Needs a Strategy — Transient Advantage — Bringing Science to the Art of Strategy — Managing Risks: A New Framework — Surviving Disruption — The Great Repeatable Business Model — Pipelines, Platforms, and the New Rules of Strategy — Why the Lean Start-Up Changes Everything — Strategy Needs Creativity — Put Purpose at the Core of Your Strategy — Creating Shared Value .
520 _a"Do you have the right strategy to lead your company into the future? More of the ideas you want, from the authors you trust. We've combed through hundreds of Harvard Business Review articles and selected the most important ones to help you combat new competitors and ensure that you can define--and execute--the best strategy for your company. With insights from leading experts, this book will inspire you to: choose a strategy that best meets the demands of your competitive environment, generate economic value for your company, while also producing value for society, create and capture new markets--and break free of old ones, see the growing relevance of data analytics in your organization, transform your products and services into platforms, identify the signals of future disruption and take steps to avoid it. HBR's 10 Must Reads paperback series is the definitive collection of books for new and experienced leaders alike. Leaders looking for the inspiration that big ideas provide, both to accelerate their own growth and that of their companies, should look no further. HBR's 10 Must Reads series focuses on the core topics that every ambitious manager needs to know: leadership, strategy, change, managing people, and managing yourself. Harvard Business Review has sorted through hundreds of articles and selected only the most essential reading on each topic. Each title includes timeless advice that will be relevant regardless of an ever-changing business environment"--
_cProvided by publisher.
650 0 _aStrategic planning
_93573
830 0 _aHBR's 10 must reads (Series)
942 _2lcc
999 _c4621
_d4621